| 000 | 00685nam a2200181 i 4500 | ||
|---|---|---|---|
| 001 | 23988 | ||
| 003 | ES-MaACL | ||
| 005 | 20230906152953.0 | ||
| 007 | t| | ||
| 008 | 021213s1892 fr |||| | fre d | ||
| 100 | 1 |
_aAndre, Louis. _921540 |
|
| 245 | 1 | 3 |
_aLa récidive _b: théorie d'ensemble et commentaire détaillé des lois préventive ou répressives de la récidive / _cpar Louis Andre ; avec un préface de M. Louis Barthou. |
| 260 |
_aParis : _bChevalier-Marescq et Cie, _c1892 ( _fE. Plon et Nourrit) |
||
| 300 |
_aVII, 361 p. ; _c22 cm. |
||
| 650 | 0 | 4 |
_aReincidencia. _916775 |
| 700 | 1 |
_aBarthou, Louis ( _d1862-1934) _926135 |
|
| 852 |
_aES-MaACL _jD-228 _z. - Donativo Lastres |
||
| 999 |
_c23988 _d23988 |
||